Keuken Kampioen Divisie Logo's 2022/2023 - Statistieken

Algemene statistieken
  • Deze quiz is 215 keer genomen
  • De gemiddelde score is 13 van 16
Antwoordstatistieken
Foto Antwoord % Correct
De Graafschap
93%
ADO Den Haag
92%
PEC Zwolle
92%
VVV-Venlo
92%
NAC Breda
91%
Roda JC
90%
Willem II
90%
Heracles Almelo
86%
Almere City
80%
FC Dordrecht
78%
Telstar
78%
FC Den Bosch
77%
MVV Maastricht
77%
TOP Oss
75%
FC Eindhoven
74%
Helmond Sport
63%
Geen overeenkomende quizzen gevonden
Scoreverdeling
Procent van Mensen met Elke Score
Percentiel versus Aantal Correcte Antwoorden
Uw Scoregeschiedenis
U heeft deze quiz nog niet genomen